000 00728nam a22002177a 4500
999 _c159138
_d159138
005 20181204171252.0
006 a|||||f|||| 00| 0
007 tc
008 180720b xxu||||| |||| 00| 0 eng d
010 _aB-089965-B-089980
020 _c232.00(per set)
035 _aB-089965
037 _bA.I.C.B.
082 _a880
245 _aContremporary English-II
_b: an anthology for B.A.
260 _aDelhi
_bA.C.I.B.
_cN.D.
270 _aSector-5, Rohini,
_bNew Delhi
_e110085
300 _a4V., various pages.
_c30cm(HB).
942 _2ddc
_cBRLEN
_h880
_mCON